Countries Closest to Singapore - 30 Second Sprint - Statistics

General Stats
  • This quiz has been taken 83 times
  • The average score is 11 of 20
Answer Stats
km country miles % Correct
1 Malaysia 0.4
100%
6 Indonesia 4
99%
524 Thailand 325
85%
797 Vietnam 495
79%
1406 Laos 874
78%
1961 China 1218
75%
998 Cambodia 620
74%
1109 Myanmar 689
64%
1165 Brunei 724
62%
1240 India 770
60%
1598 Philippines 993
56%
2514 Timor-Leste 1562
44%
2908 Taiwan 1807
41%
3269 Japan 2031
34%
2803 Australia 1742
32%
2472 Bangladesh 1536
30%
2494 Sri Lanka 1550
25%
3090 Bhutan 1920
21%
3243 Nepal 2015
21%
3346 Maldives 2079
11%
No matching quizzes found
Score Distribution
Percent of People with Each Score
Percentile by Number Answered
Your Score History
You have not taken this quiz